| 000 -LEADER |
| fixed length control field |
00574nam a22001697a 4500 |
| 005 - DATE AND TIME OF LATEST TRANSACTION |
| control field |
20200908121519.0 |
| 008 - FIXED-LENGTH DATA ELEMENTS--GENERAL INFORMATION |
| fixed length control field |
200908b xxu||||| |||| 00| 0 geo d |
| 020 ## - INTERNATIONAL STANDARD BOOK NUMBER |
| International Standard Book Number |
9780999282946 |
| 080 ## - UNIVERSAL DECIMAL CLASSIFICATION NUMBER |
| Universal Decimal Classification number |
004.724.2 R-83 |
| 100 ## - MAIN ENTRY--PERSONAL NAME |
| Personal name |
Roughgarden, Tim |
| 9 (RLIN) |
9434 |
| 245 ## - TITLE STATEMENT |
| Title |
Algorithms Illuminated : |
| Remainder of title |
Part 3. Greedy Algorithms and Dynamic Programming / |
| Statement of responsibility, etc. |
Tim Roughgarden. |
| 264 ## - PRODUCTION, PUBLICATION, DISTRIBUTION, MANUFACTURE, AND COPYRIGHT NOTICE |
| Place of production, publication, distribution, manufacture |
New York : |
| Name of producer, publisher, distributor, manufacturer |
Soundlikeyourself Publishing, |
| Date of production, publication, distribution, manufacture, or copyright notice |
2019. |
| 300 ## - PHYSICAL DESCRIPTION |
| Extent |
217 p. |
| Other physical details |
23 cm. |
| 653 ## - INDEX TERM--UNCONTROLLED |
| keyword |
ალგორითმები |
| 653 ## - INDEX TERM--UNCONTROLLED |
| keyword |
პროგრამირება |
| 942 ## - ADDED ENTRY ELEMENTS (KOHA) |
| Source of classification or shelving scheme |
|
| Koha item type |
წიგნი |